Online
Catalog

Cuidado con las bonitas / (Record no. 9430)

MARC details
000 -CABECERA
campo de control de longitud fija 00656cam a2200205 a 4500
001 - NÚMERO DE CONTROL
campo de control 000009670
005 - FECHA Y HORA DE LA ÚLTIMA TRANSACCIÓN
campo de control 20200929161650.0
008 - DATOS DE LONGITUD FIJA--INFORMACIÓN GENERAL
campo de control de longitud fija 790108s1965 ag 000 0 spa
040 ## - FUENTE DE LA CATALOGACIÓN
Centro catalogador/agencia de origen DO-SdBNP
Centro/agencia transcriptor KU
Centro/agencia modificador OCoLC
-- DLC
082 ## - NÚMERO DE LA CLASIFICACIÓN DECIMAL DEWEY
Número de clasificación A862.44
Número de documento/Ítem B533c
100 1# - ENTRADA PRINCIPAL--NOMBRE DE PERSONA
Nombre de persona Berruti, Alejandro.
9 (RLIN) 24564
245 10 - MENCIÓN DE TÍTULO
Título Cuidado con las bonitas /
Mención de responsabilidad, etc. Alejandro Berruti.
260 ## - PUBLICACIÓN, DISTRIBUCIÓN, ETC.
Lugar de publicación, distribución, etc. Buenos Aires :
Nombre del editor, distribuidor, etc. Del Carro de Tespis ;
-- Dintel,
Fecha de publicación, distribución, etc. 1965.
300 ## - DESCRIPCIÓN FÍSICA
Extensión 45 p. ;
Dimensiones 17 cm.
490 1# - MENCIÓN DE SERIE
Mención de serie Teatro Breve Argentino
Designación de volumen o secuencia 4
650 #4 - PUNTO DE ACCESO ADICIONAL DE MATERIA--TÉRMINO DE MATERIA
Término de materia o nombre geográfico como elemento de entrada Teatro argentino
9 (RLIN) 4843
650 #4 - PUNTO DE ACCESO ADICIONAL DE MATERIA--TÉRMINO DE MATERIA
Término de materia o nombre geográfico como elemento de entrada Literatura argentina
9 (RLIN) 3860
830 #0 - PUNTO DE ACCESO ADICIONAL DE SERIE-TÍTULO UNIFORME
Título uniforme Teatro Breve Argentino ;
Designación de volumen o secuencia 4
9 (RLIN) 24565
910 ## - DATOS DE OPCIÓN DEL USUARIO (OCLC)
Datos de opción del usuario Catalogación por copia / LC
Holdings
Estado de retiro Estado de pérdida Restricciones de uso No para préstamo Código de colección Localización permanente Ubicación/localización actual Ubicación en estantería Fecha de adquisición Número de inventario Total de préstamos Signatura topográfica completa Código de barras Fecha visto por última vez Precio válido a partir de Tipo de ítem Koha
    Préstamo interno   Monografías: Libros y Folletos General General En catalogación 30.09.2009 LF1   A862.44 B533c 9670-10 25.06.2020 25.06.2020 Préstamo interno

Powered by Koha